000 00579nam a2200217Ia 4500
003 OSt
005 20220924143358.0
006 a|||||r|||| 00| 0
007 ta
008 220923b |||||||| |||| 00| 0 urd d
024 _a307942
037 _cTextual
040 _aARTS
_cARTS
_burd
041 _2urd
_aurd
082 _aDelta73w,K9, 168L9.1
100 _aNaushahi Ahmad Sharafat
_9215586
245 0 _aShareeful tawarikh
260 _c1979
942 _hDelta73w,K9, 168L9.1
_cTEXL
_2CC
999 _c454245
_d454245